000 00260nam a22001097a 4500
008 170120b xxu||||| |||| 00| 0 eng d
020 _a020116553
041 _aeng
080 _a618.2
245 _aTHE CHANGING IMAGE OF THE NURSE
_cKALISCH, K.B
942 _2udc
_cBK
999 _c3288
_d3288